书目信息 |
| 题名: |
现代日本的政治结构
|
|
| 作者: | 小泽一彦 著 | |
| 分册: | ||
| 出版信息: | 北京 世界知识出版社 2003 |
|
| 页数: | 220页 | |
| 开本: | 21cm | |
| 丛书名: | ||
| 单 册: | ||
| 中图分类: | D731.321 | |
| 科图分类: | ||
| 主题词: | 政治制度--研究--日本--现代 , 政治制度 | |
| 电子资源: | ||
| ISBN: | 7-5012-2156-1 | |
| 000 | 00879nam0 2200229 450 | |
| 001 | 1234882563 | |
| 005 | 20121005094203.18 | |
| 010 | @a7-5012-2156-1@dCNY20.00 | |
| 100 | @a20040610d2003 em y0chiy50 ea | |
| 101 | 1 | @achi@cjpn |
| 102 | @aCN@b110000 | |
| 105 | @ay z 000yy | |
| 200 | 1 | @a现代日本的政治结构@Axian dai ri ben de zheng zhi jie gou@f(日)小泽一彦著 |
| 210 | @a北京@c世界知识出版社@d2003 | |
| 215 | @a220页@d21cm | |
| 330 | @a该书由21世纪的国际环境、现代日本的政治结构以及亚洲政治体制比较研究三部分构成。书中讨论了冷战后,美国主导的帝国体系的形成过程;就日本政治特征,通过研究自民党政权、中央政府的举措以及寻求改革的地方自治体的动向进行了讨论等。 | |
| 606 | 0 | @a政治制度@x研究@y日本@z现代 |
| 606 | 0 | @a政治制度 |
| 690 | @aD731.321@v4 | |
| 701 | 0 | @c(日)@a小泽一彦@Axiao ze yi yan@f(1959~)@4著 |
| 801 | 0 | @aCN@bNLC@c20101222 |
| 905 | @a10447@dD731.321@eJY60 | |
| 现代日本的政治结构/(日)小泽一彦著.-北京:世界知识出版社,2003 |
| 220页;21cm |
| ISBN 7-5012-2156-1:CNY20.00 |
| 该书由21世纪的国际环境、现代日本的政治结构以及亚洲政治体制比较研究三部分构成。书中讨论了冷战后,美国主导的帝国体系的形成过程;就日本政治特征,通过研究自民党政权、中央政府的举措以及寻求改革的地方自治体的动向进行了讨论等。 |
| ● |
| 相关链接 |
|
|
|
|
正题名:现代日本的政治结构
索取号:D731.321/JY60
 
预约/预借
| 序号 | 登录号 | 条形码 | 馆藏地/架位号 | 状态 | 备注 |
| 1 | 7812521 | 278125217 | 学院路分馆/ [索取号:D731.321/JY60] | 在馆 | |
| 2 | 7812522 | 278125226 | 学院路分馆/ [索取号:D731.321/JY60] | 在馆 | |
| 3 | 7812523 | 278125235 | 学院路分馆/ [索取号:D731.321/JY60] | 在馆 |